Biblioteca

El liderazgo cristiano en América Latina (Registro nro. 52239)

Detalles MARC
000 -LÍDER
Campo fijo de descripción fija 02112aab a2200205 i 4500
001 - NÚMERO DE CONTROL
Campo de control 768714001
003 - IDENTIFICADOR DEL NÚMERO DE CONTROL
Campo de control CO-MdFUSB
005 - FECHA Y HORA DE LA ULTIMA TRANSACCIÓN
control field 20240422125511.0
008 - ELEMENTOS DE LONGITUD FIJA -- INFORMACIÓN GENERAL
Campo fijo de descripción fija -- Información general 221103s1997 ag ||||| |||| 00| 0 spa d
040 ## - FUENTE DE CATALOGACIÓN
Idioma de catalogación spa
Agencia que realiza la transcripción CO-MdFUSB
Agencia que realiza la modificación CO-MdFUSB
041 ## - CÓDIGO DE IDIOMA
Código de idioma para texto/pista de sonido o título separado spa
100 1# - ASIENTO PRINCIPAL--NOMBRE PERSONAL
Nombre personal Solís, Mauricio
Término relacionador autor
245 13 - TÍTULO
Título El liderazgo cristiano en América Latina
Mención de responsabilidad / Mauricio Solís
300 ## - DESCRIPCIÓN FÍSICA
Extensión Volumen 16, número 2 (abril - junio, 1997), páginas: 6 - 11
Dimensiones ; 27 cm
520 ## - NOTA DE RESUMEN, ETC.
Nota de sumario, etc. Características de un modelo alternativo de liderazgo relacionado con la enseñanza bíblica:<br/>-Entrega su vida por otros y mengua para que otros crezcan.<br/>-Es un co-creador de una visiín (como coheredero del reno de Dios); <br/>- Construye un conocimiento colectivo y usa la información generada por todos.<br/>-Reconoce el desorden como una oportunidad para la creatividad en la construcción de nuevas respuestas.<br/>- Facilita la toma de decisiones de otros y del grupo;<br/>-Participa en la creación de estructuras de colaboración donde todos tienen el derecho de decir "si" o "no"<br/>- Empieza un trabajo que se continúa en equipo.<br/>-Es un co-creador de espacios donde se genera y se distribuye el poder con equidad.<br/>-Trabaja en equipo con responsabilidades compartidas y reconoce su interdependencia.<br/>-Promueve mutuamente la creatividad de todos.<br/>Los modelos autoritarios de las dictaduras militares, de los caciquismos de los terratenientes que gobernaron nuestros pueblos y clientelismos políticos han sido extrapolados a las congregaciones evangélicas.<br/>Por conformismo, ignorancia, o indiferencia, los miembros sobrecargan a los líderes con el peso de responsabilidad que todos los integrantes del cuerpo de Cristo deben compartir.<br/>La iglesia local no debe delegar el papel de formar discípulos; debe asumirlo de manera sistemática, bajo un modelo de liderazgo basado en el servicio y en el sacerdocio de todos los creyentes.<br/><br/>
650 #0 - ASIENTO SECUNDARIO DE MATERIA - TERMINO TEMÁTICO
9 (RLIN) 2014
Término temático o nombre geográfico como elemento de entrada Liderazgo
700 1# - ENTR. SECUNDARIA - Nombre Personal (R)
Nombre de persona Dulaney, Anna
773 0# - ASIENTO DE ITEM FUENTE
Título Iglesia y Misión
Biblionumber 49402
Itemnumber 59637
Parte(s) relacionada(s) / Volumen., número. (mes año), páginas Volumen 16, número 2 (abril - junio, 1997), páginas: 6-11
Enumeración y primera página Páginas: 6
942 ## - TIPO DE MATERIAL (KOHA)
Tipo de Item KOHA Artículos de Revista

No hay ítems disponibles.

Biblioteca FUSBC | Teléfono: (57+4) 349 88 10 Ext. 141| WhatsApp (+57) 3005338115 
E-mail: biblioteca@unisbc.edu.co | Calle 76 87-14 Robledo Palenque, Medellín, Colombia

Con tecnología Koha